Fraude al contrato de trabajo análisis a las cooperativas de trabajo asociado, empresas de servicios temporales, outsourcing y otras tipologías de contratación civil o comercial (Registro nro. 40990)

Detalles MARC
000 -ENCABEZADO
Número de control [NR] 01046nam a2200241Ia 4500
008 - DE LONGITUD FIJA DE DATOS DE ELEMENTOS - INFORMACIÓN GENERAL
Elementos de longitud fija [NR] 130821s2012 ck gr eng
020 ## - NUMERO INTERNACIONAL NORMALIZADO PARA LIBROS [R]
Número Internacional Normalizado del libro [NR] 9789587107807
040 ## - FUENTE DE CATALOGACION [NR]
Agencia de catalogación original [NR] Co-BoUCM
Idioma de catalogación [NR] spa
041 00 - CODIGO DE IDIOMA [R]
Código de idioma para texto/pista de sonido o título separado [R] Inglés
100 1# - ASIENTO PRINCIPAL--NOMBRE PERSONAL [NR]
Nombre personal [NR] Orjuela Albarracín, Laura
ID Autoridad 160877
245 10 - MENCION DE TITULO [NR]
Título [NR] Fraude al contrato de trabajo análisis a las cooperativas de trabajo asociado, empresas de servicios temporales, outsourcing y otras tipologías de contratación civil o comercial
Mención de responsabilidad, etc. [NR] Laura Orjuela Albarracín, Diana Estefany Segura Castañeda y Sandra LucíaTovar Reyes
260 ## - PUBLICACION, DISTRIBUCION, ETC. (PIE DE IMPRENTA) [R]
Lugar de publicación, distribución, etc. [R] Bogotá (Colombia)
Nombre del editor, distribuidor, etc. [R] Universidad Externado de Colombia
Fecha de publicación, distribución, etc. [R] 2012
300 ## - DESCRIPCION FISICA [R]
Extensión [R] 250 páginas
490 ## - MENCION DE SERIE [R]
Mención de serie [R] Tésis de grado
Designación numérica/secuencial del volumen [NR] 62
504 ## - NOTA DE BIBLIOGRAFIA, ETC. [R]
Nota de bibliografía, etc. [NR]
650 04 - ASIENTO SECUNDARIO DE MATERIA - TERMINO TEMATICO [R]
Término temático o nombre geográfico como elemento de entrada [NR] Contratos de trabajo
9 (RLIN) 11842
650 04 - ASIENTO SECUNDARIO DE MATERIA - TERMINO TEMATICO [R]
Término temático o nombre geográfico como elemento de entrada [NR] Derecho laboral
9 (RLIN) 12787
650 04 - ASIENTO SECUNDARIO DE MATERIA - TERMINO TEMATICO [R]
Término temático o nombre geográfico como elemento de entrada [NR] Responsabilidad contractual
9 (RLIN) 23672
700 1# - ASIENTO SECUNDARIO - NOMBRE PERSONAL [R]
Nombre personal [NR] Segura Castañeda, Diana Estefany
9 (RLIN) 160878
700 1# - ASIENTO SECUNDARIO - NOMBRE PERSONAL [R]
Nombre personal [NR] Tovar Reyes, Sandra Lucía
9 (RLIN) 160879
942 ## - ELEMENTOS DE ENTRADA AGREGADOS (KOHA)
Tipo de ítem principal el descrito en 300a Libro
Tema principal Derecho
Edición 1
Parte restante de la signatura top. O699f
Sistema de clasificación DEWEY
Clasificación 344.01
Existencias
Fecha de último préstamo Total préstamos Total Renewals Signatura topográfica Código de barras Última vez visto Ejemplar Price effective from Tipo de ítem Perdido Sistema de clasificación Dañado No prestable Tipo de ítem específico Suprimido Ubicación habitual Ubicación actual Localización Fecha de creación Forma de adquisición Costo
03/02/2021 19 16 344.01 O699f 100129497 05/12/2025 Ej.1 03/02/2013 Libro   DEWEY     Libro   Claustro Claustro 3er piso 28/02/2013 Compra 28050.00